000 00588nam a22002297a 4500
003 UA-OsUOA
001 42973
007 ta
008 20061201b un ||||| |||| 00| 0 ukr d
100 _aЛангфэла Г.
090 _a821.111
_bЛ22
942 _cBK
040 _aUA-OsUOA
_brus
_cUA-OsUOA
_dUA-OsUOA
245 _aСпеу аб Гаяваце
300 _a222 с.
955 _a3
041 _arus
080 _a821.111
260 _aМінск
_bБеларусь
_c1969
650 7 _a82 Література. Літературознавство
_2UDC
999 _c329114
_d329114